000 00367nam a2200145Ia 4500
008 100122s9999 xx 000 0 und d
082 _b61972
_a823
100 _aMATHUR ANURAG
245 _aMAKING OF MINISTER SMILE
260 _bPENGUIN BOOKS
_c2002
300 _a219
630 _aMAKING OF MINISTER SMILE
730 _aMAKING OF MINISTER SMILE
942 _cBOOK
999 _c378542
_d378539